000 00507nam a22001937a 4500
003 MPLRDC
005 20220104142341.0
008 210129b ||||| |||| 00| 0 eng d
020 _a978-986-213-162-6
082 _a563 DAG
100 _aRYAN D'AGOSTINO
245 _a我在豪宅学到的人生功课
_c洪慧芳 译
250 _a初版四刷
260 _a台湾
_b大块文化出版股份有限公司
_c2010
300 _b300
490 _aSIMPLE: 94
650 _a投资
942 _cBK
_o563 DAG
999 _c30113
_d30103